|
|
|
|
| LEADER |
00000nas a2200000 a 4500 |
| 001 |
ssj0001542 |
| 003 |
WaSeSS |
| 005 |
20200512172242.0 |
| 006 |
m d |
| 007 |
cr n |
| 008 |
751110c19719999oncqr p s 0 a0eng |
| 010 |
|
|
|a 84647003
|z cn 76319377
|
| 015 |
|
|
|a 011051906
|2 dnb
|
| 016 |
7 |
|
|a 011051906
|2 DE-101
|
| 016 |
7 |
|
|a 190225-8
|2 DE-600
|
| 016 |
|
|
|a (AMICUS)000000129691
|
| 022 |
|
|
|l 0315-3495
|y 0315-3495
|
| 035 |
|
|
|a (WaSeSS)ssj0001542
|
| 037 |
|
|
|b Defence Publications, 100 Adelaide St. West, Toronto, Ont., Canada M5H 1S3
|
| 040 |
|
|
|a NLC
|b eng
|c NLC
|d DLC
|d NST
|d NLC
|d AIP
|d DLC
|d NLC
|d NST
|d NLC
|d NST
|d OCLCQ
|d HEBIS
|d GBVCP
|d DEBBG
|d OCLCQ
|d OCLCF
|d OCLCO
|d OCLCQ
|d U3G
|d OCLCQ
|d VT2
|d OCLCO
|d CWI
|d OCLCA
|d WaSeSS
|
| 041 |
0 |
|
|a eng
|a fre
|
| 042 |
|
|
|a nlc
|a isds/c
|a pcc
|
| 043 |
|
|
|a n-cn---
|
| 050 |
0 |
0 |
|a UA600
|b .C299
|
| 055 |
0 |
2 |
|a UA945*
|
| 082 |
0 |
|
|a 355/.033071
|2 19
|
| 130 |
0 |
|
|a Canadian defence quarterly (Toronto, Ont.)
|
| 210 |
0 |
|
|a Can. def. q.
|b (Tor.)
|
| 222 |
|
0 |
|a Canadian defence quarterly
|b (Toronto)
|
| 245 |
1 |
0 |
|a Canadian defence quarterly
|h [electronic resource] =
|b Revue canadienne de défense.
|
| 246 |
3 |
1 |
|a Revue canadienne de défense
|
| 260 |
|
|
|a [Toronto] :
|b [Defence Publications]
|
| 310 |
|
|
|a Quarterly
|
| 362 |
0 |
|
|a Vol. 1, no. 1 (summer 1971)-
|
| 504 |
|
|
|a Includes bibliographical references.
|
| 506 |
|
|
|a License restrictions may limit access.
|
| 546 |
|
|
|a Includes some text in French.
|
| 650 |
|
0 |
|a Military art and science
|z Canada
|v Periodicals.
|
| 650 |
|
7 |
|a Armed Forces.
|2 fast
|0 (OCoLC)fst00814586
|
| 650 |
|
7 |
|a Military art and science.
|2 fast
|0 (OCoLC)fst01020874
|
| 650 |
|
7 |
|a Military readiness.
|2 fast
|0 (OCoLC)fst01021419
|
| 650 |
|
7 |
|a Militär
|2 gnd
|
| 651 |
|
0 |
|a Canada
|x Defenses
|v Periodicals.
|
| 651 |
|
0 |
|a Canada
|x Armed Forces
|v Periodicals.
|
| 651 |
|
7 |
|a Canada.
|2 fast
|0 (OCoLC)fst01204310
|
| 651 |
|
7 |
|a Kanada.
|2 swd
|
| 651 |
|
5 |
|a Canada
|x Defenses
|v Periodicals.
|
| 655 |
|
0 |
|a Electronic journals.
|
| 776 |
1 |
|
|t Canadian defence quarterly (Toronto, Ont.)
|x 0315-3495
|
| 850 |
|
|
|a CaMWU
|a CaOOE
|a CaOOSM
|a CaOPAL
|a CaOSul
|a CaOWA
|a CaSSU
|a CtY
|a DLC
|a NNC
|
| 856 |
4 |
0 |
|z Full text available from Research Library: 12/01/1997 to 07/31/1998
|u https://search.proquest.com/publication/33915
|